Témoignage anonyme : le secret lié à la vérité ? (notice n° 1605517)
[ vue normale ]
| 000 -LEADER | |
|---|---|
| fixed length control field | 01057cam a2200181 4500500 |
| 005 - DATE AND TIME OF LATEST TRANSACTION | |
| control field | 20251228095055.0 |
| 041 ## - LANGUAGE CODE | |
| Language code of text/sound track or separate title | fre |
| 042 ## - AUTHENTICATION CODE | |
| Authentication code | dc |
| 100 10 - MAIN ENTRY--PERSONAL NAME | |
| Personal name | Bouit, Delphine |
| Relator term | author |
| 245 00 - TITLE STATEMENT | |
| Title | Témoignage anonyme : le secret lié à la vérité ? |
| 260 ## - PUBLICATION, DISTRIBUTION, ETC. | |
| Date of publication, distribution, etc. | 2019.<br/> |
| 500 ## - GENERAL NOTE | |
| General note | 81 |
| 520 ## - SUMMARY, ETC. | |
| Summary, etc. | Si le renseignement anonyme révèle mal le secret, le témoignage anonyme associerait la vérité au secret. Une affaire de règlement de compte sert à illustrer cette perspective. |
| 520 ## - SUMMARY, ETC. | |
| Summary, etc. | If anonymous information does not disclose a secret properly, anonymous evidence links truth to secrecy. A case of settling scores serves to illustrate this point of view. |
| 520 ## - SUMMARY, ETC. | |
| Summary, etc. | Face à informação anónima, que revela inadequadamente o segredo, poderá o testemunho anónimo associar verdade e segredo? Uma história de ajuste de contas permitirá ilustrar esta perspectiva. |
| 786 0# - DATA SOURCE ENTRY | |
| Note | Sigila | 43 | 1 | 2019-04-30 | p. 137-141 | 1286-1715 |
| 856 41 - ELECTRONIC LOCATION AND ACCESS | |
| Uniform Resource Identifier | <a href="https://shs.cairn.info/revue-sigila-2019-1-page-137?lang=fr&redirect-ssocas=7080">https://shs.cairn.info/revue-sigila-2019-1-page-137?lang=fr&redirect-ssocas=7080</a> |
Pas d'exemplaire disponible.




Réseaux sociaux